[Event "Foz do Iguacu op 6th"]
[Site "Foz do Iguacu"]
[Date "2016.05.27"]
[Round "2"]
[White "Farhat, Hassan Abdallah"]
[Black "Dos Santos, Eduardo"]
[Result "0-1"]
[WhiteElo "1601"]
[BlackElo "1642"]
[PlyCount "69"]
[EventDate "2016.05.27"]
[EventType "swiss"]
[EventRounds "6"]
[EventCountry "BRA"]
[SourceTitle "CBM 172 Extra"]
[Source "ChessBase"]
[SourceDate "2016.06.21"]
[SourceVersion "1"]
[SourceVersionDate "2016.06.21"]
[SourceQuality "1"]

1. d4 d5 2. c4 e6 3. cxd5 exd5 4. Nf3 Bf5 5. Bg5 Be7 6. Bxe7 Qxe7 7. Nc3 Nf6 8. e3 c6 9. Nh4 Be4 10. Nxe4 Nxe4 11. Nf5 Qg5 12. Qf3 g6 13. Ng7+ Ke7 14. h4 Qf6 15. Qg4 Qxg7 16. Qf4 Nd7 17. Bd3 Qf6 18. Bxe4 Qxf4 19. exf4 dxe4 20. 0-0 Rhe8 21. Rfe1 f5 22. Re2 Nb6 23. Rae1 Kf6 24. f3 Nc4 25. b3 Nd6 26. g4 exf3 27. g5+ Kf7 28. Re3 Rxe3 29. Rxe3 Nb5 30. Rxf3 Nxd4 31. Rd3 Rd8 32. Kf2 Ne6 33. Rc3 Rd4 34. Kf3 Nxg5+ 35. Ke3 0-1

[Event "Foz do Iguacu op 2nd"]
[Site "Foz do Iguacu"]
[Date "2014.12.12"]
[Round "1"]
[White "Britez, G Jorge A"]
[Black "Dos Santos, Eduardo"]
[Result "1-0"]
[WhiteElo "1860"]
[BlackElo "1773"]
[PlyCount "59"]
[EventDate "2014.12.12"]
[EventType "swiss"]
[EventRounds "6"]
[EventCountry "BRA"]
[SourceTitle "EXT 2016"]
[Source "ChessBase"]
[SourceDate "2015.10.08"]
[SourceVersion "1"]
[SourceVersionDate "2015.10.08"]
[SourceQuality "1"]

1. e4 c5 2. Nf3 Nc6 3. d4 cxd4 4. Nxd4 g6 5. Nc3 Bg7 6. Be3 d6 7. Qd2 Nf6 8. f3 0-0 9. 0-0-0 a6 10. Kb1 Qc7 11. g4 Nxd4 12. Bxd4 Be6 13. h4 b5 14. h5 b4 15. Nd5 Bxd5 16. exd5 a5 17. hxg6 fxg6 18. Qh2 h6 19. Bd3 g5 20. Bf5 Kf7 21. Bxf6 Kxf6 22. Rde1 Kf7 23. Qh5+ Kg8 24. Qg6 Rf6 25. Qh7+ Kf8 26. Be6 Rxe6 27. dxe6 a4 28. Qg6 Kg8 29. Qf7+ Kh7 30. Rxh6+ 1-0

[Event "BRA-ch Sul"]
[Site "Foz do Iguacu"]
[Date "2014.09.14"]
[Round "5"]
[White "Dos Santos, Eduardo"]
[Black "Mayara Sibowicz, Giovanna"]
[Result "1-0"]
[WhiteElo "1773"]
[BlackElo "1683"]
[PlyCount "119"]
[EventDate "2014.09.12"]
[EventType "swiss"]
[EventRounds "6"]
[EventCountry "BRA"]
[SourceTitle "EXT 2016"]
[Source "ChessBase"]
[SourceDate "2015.10.08"]
[SourceVersion "1"]
[SourceVersionDate "2015.10.08"]
[SourceQuality "1"]

1. d4 d5 2. c4 Nf6 3. Nc3 g6 4. Nf3 Bg7 5. Bg5 Ne4 6. e3 Nxc3 7. bxc3 c5 8. Qb3 Nd7 9. cxd5 Nb6 10. Bb5+ Bd7 11. Rb1 0-0 12. Bxd7 Qxd7 13. 0-0 cxd4 14. cxd4 h6 15. Bf4 Nxd5 16. Be5 b6 17. Bxg7 Kxg7 18. Ne5 Qd6 19. Rfc1 Rac8 20. h3 f6 21. Nc4 Qd7 22. Rc2 Rc6 23. Rbc1 Rfc8 24. a3 g5 25. a4 h5 26. Na3 Rxc2 27. Rxc2 Rxc2 28. Nxc2 Qd6 29. Qc4 Nc7 30. Nb4 a5 31. Na2 Ne8 32. Nc3 Qc7 33. Qxc7 Nxc7 34. Kf1 Kf7 35. Ke2 Ke6 36. Kd3 Kd6 37. Kc4 e6 38. Nb5+ Kc6 39. Nxc7 Kxc7 40. Kb5 f5 41. f3 Kb7 42. g4 fxg4 43. fxg4 h4 44. e4 Kc7 45. d5 exd5 46. exd5 Kd6 47. Kxb6 Kxd5 48. Kxa5 Ke4 49. Kb4 Kf3 50. a5 Kg3 51. a6 Kxh3 52. a7 Kxg4 53. a8Q h3 54. Qe4+ Kg3 55. Qe3+ Kh4 56. Qf2+ Kh5 57. Kc4 g4 58. Kd4 Kg5 59. Ke4 Kh5 60. Kf4 1-0

[Event "BRA-ch Sul"]
[Site "Foz do Iguacu"]
[Date "2014.09.13"]
[Round "3"]
[White "Dos Santos, Eduardo"]
[Black "Gamarra, Ramon"]
[Result "0-1"]
[WhiteElo "1773"]
[BlackElo "1950"]
[PlyCount "76"]
[EventDate "2014.09.12"]
[EventType "swiss"]
[EventRounds "6"]
[EventCountry "BRA"]
[SourceTitle "EXT 2016"]
[Source "ChessBase"]
[SourceDate "2015.10.08"]
[SourceVersion "1"]
[SourceVersionDate "2015.10.08"]
[SourceQuality "1"]

1. d4 Nf6 2. c4 g6 3. Nc3 Bg7 4. Bg5 0-0 5. e4 d6 6. Nf3 h6 7. Bf4 Nh5 8. Be3 Nd7 9. Qd2 Kh7 10. Be2 e5 11. d5 a5 12. 0-0 Nhf6 13. Rac1 Ng4 14. h3 Nxe3 15. Qxe3 Nc5 16. Ne1 f5 17. Nd3 f4 18. Qd2 Nd7 19. Na4 b6 20. Bg4 Qg5 21. Nc3 h5 22. Be6 Nf6 23. Bxc8 Raxc8 24. Ne1 Qh6 25. Nb5 Nxe4 26. Qd3 Nc5 27. Qc2 e4 28. Na7 Rce8 29. Nb5 Re7 30. Qd2 e3 31. fxe3 fxe3 32. Qc2 Rxf1+ 33. Kxf1 e2+ 34. Kg1 Qe3+ 35. Kh1 Bh6 36. Rb1 Ne4 37. Na7 Nf2+ 38. Kg1 Nxh3+ 0-1

[Event "BRA-ch Sul"]
[Site "Foz do Iguacu"]
[Date "2014.09.13"]
[Round "4"]
[White "Farhat, Mohamed Abdallah"]
[Black "Dos Santos, Eduardo"]
[Result "1-0"]
[WhiteElo "1775"]
[BlackElo "1773"]
[PlyCount "146"]
[EventDate "2014.09.12"]
[EventType "swiss"]
[EventRounds "6"]
[EventCountry "BRA"]
[SourceTitle "EXT 2016"]
[Source "ChessBase"]
[SourceDate "2015.10.08"]
[SourceVersion "1"]
[SourceVersionDate "2015.10.08"]
[SourceQuality "1"]

1. d4 d5 2. c4 e6 3. Nc3 Nf6 4. Bg5 c6 5. cxd5 exd5 6. Qc2 Nbd7 7. Nf3 Bd6 8. e3 0-0 9. Bd3 Qc7 10. Rc1 Re8 11. 0-0 Be7 12. Bf4 Bd6 13. Bg5 h6 14. Bh4 Be7 15. Bxf6 Nxf6 16. Ne5 Bd6 17. f4 Ng4 18. Qe2 Nf6 19. h3 Bd7 20. Rf3 a6 21. a3 Rab8 22. Na4 Be7 23. Qc2 Rec8 24. b4 Bd6 25. Nxd7 Nxd7 26. Bf5 Re8 27. Bxd7 Qxd7 28. Qd3 Re7 29. Nb6 Qd8 30. Na4 Bc7 31. Rf2 Qd6 32. Nc5 Bb6 33. Rb2 Bxc5 34. bxc5 Qc7 35. Rcb1 a5 36. Rb6 Kh8 37. Qd2 Ra8 38. Kf2 Kg8 39. Qb2 Rb8 40. Qc3 Ra8 41. R1b3 Kh8 42. Rb1 Kg8 43. Re1 Qd7 44. Qd3 Rae8 45. Rb2 Qc7 46. Rbe2 Kh8 47. a4 Kg8 48. Qf5 Qd7 49. Qxd7 Rxd7 50. g4 Rde7 51. Kf3 f6 52. e4 Kf7 53. e5 fxe5 54. fxe5 Kg6 55. Kg3 h5 56. Rf2 hxg4 57. Kxg4 Rf7 58. Ref1 Rfe7 59. h4 Kh7 60. Kg5 Re6 61. h5 Kg8 62. Rf7 R6e7 63. R7f3 Rb8 64. Rb1 Rf8 65. Rbf1 Rxf3 66. Rxf3 Re8 67. h6 gxh6+ 68. Kxh6 Re6+ 69. Rf6 Rxf6+ 70. exf6 Kf7 71. Kg5 Kf8 72. Kg6 Kg8 73. f7+ Kf8 1-0